MDQL
is popping MORE tags! Check the
thread
!
Quizzes
Events
Quiz Creation
Community
Videos
Private Events
Remove Ads
Sign In
Join for FREE
Feedback
Dark Mode
Quiz Categories
Sports
Geography
Music
Movies
Television
Just For Fun
Miscellaneous
History
Literature
Language
Science
Gaming
Entertainment
Religion
Holiday
For Kids
Quiz Lab
Recent
Popular Today
Quiz Kudos Today
Editor Picks
Curator Picks
Quizzes by...
Day
Popularity
Type
Ratings
Length
Year
Community
Subscriptions
Recent Discussions
Orange Saloon
Badges
Playlists
Quests
Create
Leaderboards
Showdown
Live 5
Trivia Bingo
Activity
Puzzle Library
Sporcle Events
Private Events
Virtual Trivia
Globe League
Become a Host
Pub Owners
SporcleCon
Opinionation
Our Games
Videos
Blog
Mobile Apps
Partnerships
Remove Ads and Go Orange
Feedback
Language
Vocabulary
Begins and Ends
Definition
Spanish
French
German
Italian
Chinese
Latin
Translation
Japanese
Language
Vocabulary
Begins and Ends
Definition
Spanish
French
German
Italian
Chinese
Latin
Translation
Japanese
Random Quiz
Search Sporcle
×
Quiz Lab
Quiz Lab
Language
Word Ladder
Type in answers that appear in a list
Type in answers that appear in a list
Classic
Best Score? Go Orange.
Word Ladder Maze Stats
Can you name the Four Letter Words. Type GO To Start?
By
milc
8m
198 Questions
2,818 Plays
2,818 Plays
2,818 Plays
Comments
Comments
Give Quiz Kudos
Give Quiz Kudos
-
- Ratings
hide this ad
More Info
Replay
Link that replays current quiz
Next Quiz
Link to next quiz in quiz playlist
You Got
0%
They Got
Avg Score
60%
Avg Friend Score
Upgrade to see
Score Distribution
Jump to the score distribution portion of the page
Score
0/198
Timer
08:00
0
Plays Today
% Correct
What Sporcle contains
98.3%
XxXxXxXxXxX
89.1%
XxXxXxXxXxX
89.1%
QUIZ
89%
Give up
89%
XxXxXxXxXxX
89%
XxXxXxXxXxX
89%
XxXxXxXxXxX
89%
XxXxXxXxXxX
89%
XxXxXxXxXxX
89%
QUIT
86.1%
Eight in French
86.1%
Professional attire
86.1%
XxXxXxXxXxX
84.4%
XxXxXxXxXxX
84.4%
SUIT
81.6%
Narrow cut
81.6%
XxXxXxXxXxX
76.5%
XxXxXxXxXxX
76.5%
HUIT
75.7%
Search
75.7%
XxXxXxXxXxX
74.7%
XxXxXxXxXxX
74.7%
XxXxXxXxXxX
74.6%
XxXxXxXxXxX
74.6%
SLIT
74.5%
Lose foothold
74.5%
XxXxXxXxXxX
74.1%
XxXxXxXxXxX
74.1%
XxXxXxXxXxX
71.9%
XxXxXxXxXxX
71.9%
XxXxXxXxXxX
71.9%
XxXxXxXxXxX
71.9%
SLIP
71.7%
Water vessel
71.7%
Somersault in the air
71.7%
Kick
71.5%
HUNT
71.4%
XxXxXxXxXxX
71%
XxXxXxXxXxX
71%
FLIP
70.7%
Bird-like flutter
70.7%
XxXxXxXxXxX
70%
XxXxXxXxXxX
70%
XxXxXxXxXxX
69.2%
XxXxXxXxXxX
69.2%
PUNT
68.3%
A form of music
68.3%
XxXxXxXxXxX
67.1%
XxXxXxXxXxX
67.1%
SHIP
66.1%
Merchant's workplace
66.1%
XxXxXxXxXxX
65.2%
XxXxXxXxXxX
65.2%
XxXxXxXxXxX
64.9%
XxXxXxXxXxX
64.9%
Discharged a weapon
64.6%
SHOP
64.6%
PINK
64.3%
Connecting item
64.3%
XxXxXxXxXxX
64.2%
XxXxXxXxXxX
64.2%
PUNK
64.2%
A light colour
64.2%
Touch with tongue
64.1%
A lake
63.6%
% Correct
LINK
63.5%
What you skate on
63.5%
SHOT
63.5%
Feature of a leopard
63.5%
SPOT
63.3%
Expectorate
63.3%
Close with a key
63.3%
Stone
63.2%
LOCK
63.1%
LICK
63.1%
RINK
62.7%
Position
62.7%
XxXxXxXxXxX
62.5%
XxXxXxXxXxX
62.5%
XxXxXxXxXxX
62.5%
XxXxXxXxXxX
62.5%
XxXxXxXxXxX
62.3%
XxXxXxXxXxX
62.3%
Tiered shelves
62%
ROCK
61.9%
XxXxXxXxXxX
60.4%
XxXxXxXxXxX
60.4%
FLIT
60.2%
Horizontally level
60.2%
XxXxXxXxXxX
60.1%
XxXxXxXxXxX
60.1%
XxXxXxXxXxX
59.3%
XxXxXxXxXxX
59.3%
Challenge
59%
XxXxXxXxXxX
58.5%
XxXxXxXxXxX
58.5%
XxXxXxXxXxX
58.4%
XxXxXxXxXxX
58.4%
RANK
58.2%
Side of a river
58.2%
FLAT
58.2%
Mattress support
58.2%
XxXxXxXxXxX
58.2%
XxXxXxXxXxX
58.2%
BANK
58.1%
Wood on trees
58.1%
BARK
58%
Naked
58%
BARE
57.9%
Desperate
57.5%
A knife (from a song)
56.9%
XxXxXxXxXxX
56.7%
XxXxXxXxXxX
56.7%
XxXxXxXxXxX
56.6%
XxXxXxXxXxX
56.6%
Bag of potatoes
56.5%
DARE
56.4%
XxXxXxXxXxX
56.3%
XxXxXxXxXxX
56.3%
Competition of speed
56.3%
RACK
56.3%
SPIT
56.1%
XxXxXxXxXxX
55.8%
XxXxXxXxXxX
55.8%
SACK
55.6%
LOCH
55.5%
XxXxXxXxXxX
54.4%
XxXxXxXxXxX
54.4%
Speed
54.4%
RACE
54.4%
XxXxXxXxXxX
54.3%
% Correct
Cubes with dots
53.1%
SLAT
53%
LAKE
52.9%
Craft
52.9%
Club-like weapon
52.8%
XxXxXxXxXxX
52.6%
XxXxXxXxXxX
52.6%
Kind
52.5%
XxXxXxXxXxX
52.5%
XxXxXxXxXxX
52.5%
Animals found in hair
52.5%
Asian food
52.3%
Tie up shoes
52.3%
XxXxXxXxXxX
52.1%
LACE
52%
Body of water
52%
XxXxXxXxXxX
52%
XxXxXxXxXxX
52%
DICE
51.9%
LICE
51.9%
RICE
51.8%
DIRE
51.7%
Wear down
51.7%
NICE
51.7%
XxXxXxXxXxX
51.5%
XxXxXxXxXxX
51.5%
PACE
51.2%
Treaty
51.2%
XxXxXxXxXxX
51%
XxXxXxXxXxX
51%
XxXxXxXxXxX
49.8%
XxXxXxXxXxX
49.8%
MACE
49.6%
A human gender
49.5%
MAKE
49.5%
MALE
49.4%
Small mammal
49.4%
MACK
49%
PACT
49%
TIRE
47.8%
Empty truck weight
47.8%
XxXxXxXxXxX
45%
XxXxXxXxXxX
45%
MOLE
44.3%
Prototype
44.3%
XxXxXxXxXxX
44.1%
XxXxXxXxXxX
44.1%
XxXxXxXxXxX
43.5%
XxXxXxXxXxX
43.5%
XxXxXxXxXxX
43.5%
XxXxXxXxXxX
43.5%
Exotic
43.3%
RARE
43.2%
TARE
43.2%
Pastry food
43.2%
XxXxXxXxXxX
43%
XxXxXxXxXxX
43%
TART
42.2%
XxXxXxXxXxX
35.4%
XxXxXxXxXxX
35.4%
MOLD
35.1%
Grasp
35.1%
HOLD
35%
Did tell
35%
*Inserting this word will complete the Word Ladder Maze*
35%
TOLD
34.1%
Quiz Playlist
Details
Report
Send in Message
Add To Playlist
More Info:
All words are four (4) letters long. Type GO to start
Classic:
Type in answers that appear in a list
Last Updated: Sep 15, 2017
Quiz Scoreboard
CHALLENGE
Sign Up to Join the Scoreboard
Show All
Scores
Hide
Comments
May contain spoilers
Recently Published
5x2 Blitz: Bands
by SL_Kpop136
Music
30s
Colored Red Africa Blitz
by spor1
Geography
30s
Find the 'City' Movie
by crazypaving
Movies
60s
More to Explore
Quiz From the Vault
Featured Blog Post
14 Easter Pick-up Lines to Find Eggs With
hide this ad
You Might Also Like...
Tags
Word Ladder Quiz
Labyrinth
Maze
Today's Top Quizzes in Language
Browse Language
hide this ad
Today's Top Quizzes in Word Ladder
Browse Word Ladder
Top Contributed Quizzes in Language
1
1-10 Letter F Words III
2
1-10 Letter G Words III
3
1-10 Letter H Words III
4
1-10 Letter I Words III
5
1-10 Letter K Words III
6
1-10 Letter L Words III
7
1-10 Letter M Words III
8
1-10 Letter J Words III
9
1-10 Letter N Words III
10
Greek Alphabet Match
Explore More
Trending Topics
Kpop
Marvel
Anime
Disney
Crossword
NBA
Harry Potter
NFL
WWE
The Office
Puzzle
Country
Song
Pokémon
Soccer
hide this ad
More By:
milc
Quiz
Plays
Rating
Category
Featured
Created
'A'-Less European Countries
192,583
4.49
Geography
Sep 18, 2010
'E'-Less Presidents
149,516
4.35
History
Jun 18, 2010
Countries Ending in 'N'
127,067
4.67
Geography
Nov 6, 2009
Australian Football League Teams
48,106
4.67
Sports
Sep 24, 2009
Odd One Out Capitals
37,740
4.62
Geography
Sep 1, 2016
Go to Creator's Profile
Score Distribution
Quiz Creator Spotlight
milc
Follow
Send a Message
Quizzes Created
-
Created Quiz Play Count
-
More By This Creator
Popular Quizzes Today
1
Find the 'City' Movie
2
Colored Red Africa Blitz
3
Find the US States - No Outlines Minefield
4
5x2 Blitz: Bands
5
The Countries of the World
6
Find the US States
7
US States
8
9x9 Crossword: Cartoon Network
More Language Quizzes
Italian GeoWords Crossword
Quiz Lab
Trending Quizzes
Colored Red Europe Blitz I
Colored Red Africa Blitz II
Colored Red Europe Blitz II
Colored Red Europe Blitz III
Colored Red Africa Blitz III
Recently Updated
Famous TV Couples
Peacemaker
Champions League XIs: Real Madrid
pecheneg
Largest US Cities 1790-2010
pecheneg
Rides in Walt Disney World
pecheneg
Most Oscar Losses (Acting)
pecheneg
Beyoncé Albums
pecheneg
Leaping Animals
pecheneg
Reality TV Shows (A-Z)
bhenderson79
Rickey Henderson's Hall of Fame Teammates
pecheneg
Champions League XIs: Arsenal
pecheneg
Trending Topics
Anime
Kpop
Disney
Marvel
Harry Potter
Crossword
NBA
Pokémon
Puzzle
The Office
Soccer
Song
WWE
NFL
Country
Your Account Isn't Verified!
In order to create a playlist on Sporcle, you need to verify the email address you used during registration. Go to your
Sporcle Settings
to finish the process.
Report this User
Report this user for behavior that violates our
Community Guidelines
.
Details:
Send Report
Go to the Sporcle.com Mobile Site →
Comments